MBTI - Statistiques

Statistiques générales
  • Ce quiz a été pris 71 fois
  • Le résultat moyen est 12 sur 16
Statistiques - réponses
Hint Réponse % Correct
Logicien INTP
85%
Inspirateur ENFP
84%
Commandant ENTJ
79%
Innovateur ENTP
79%
Protagoniste ENFJ
77%
Virtuose ISTP
75%
Amuseur ESFP
74%
Médiateur INFP
74%
Architecte INTJ
74%
Entrepreneur ESTP
70%
Aventurier ISFP
69%
Directeur ESTJ
67%
Défenseur ISFJ
67%
Consul ESFJ
64%
Logisticien ISTJ
64%
Avocat INFP
54%
Aucun quiz correspondant
Distribution des résultats
% des personnes avec chaque résultat
Percentile par nombre de réponses
Votre historique - résultats
Vous n’avez pas pris ce quiz